000 00760nam a22002295a 4500
005 20161003150339.0
008 160620t2014 maua fr 001 0 eng d
020 _a9781449689803
040 _aEG-ScBUE
_beng
_cEG-ScBUE
_dEG-ScBUE
082 0 4 _222
_a620.00151
_bZIL
100 1 _93955
_aZill, Dennis G.,
_d1940-
245 1 0 _aAdvanced engineering mathematics /
_cDennis G. Zill, Warren S. Wright.
250 _a5th ed., International ed.
260 _aBurlington :
_bJones & Bartlett Learning,
_cc.2014.
300 _a(Various pagings) :
_bill. ;
_c28 cm.
500 _aIncludes index.
650 7 _2BUEsh
_93194
_aEngineering mathematics.
651 _2BUEsh
653 _bENGGEN
_cJune2016
_cOctober2016
700 1 _aWright, Warren S.
_933406
942 _2ddc
999 _c21934
_d21906